00361nam a2200121Ia 4500082001200000100002300012245003500035260003600070300001000106650003900116650005100155710003300206 aTI.0032 aIslahi, Abdul Azim 0aEconomic views of Ibn Taimiyah c1980bAligarh Muslim University a279p. aTAIMIYAH, IBN - VIEWS ON ECONOMICS aECONOMICS///TAIMIYAH, IBN - VIEWS ON ECONOMICS aSiddiqi, Muhammad Nejatullah